Makalah undang-undang menghormati Ahmad Ibrahim

Bibliographic Details
Format: Book
Published: Kuala Lumpur : Dewan Bahasa dan Pustaka , 1988
Subjects:

MARC

LEADER 00000cam a2200000 7i4500
001 0000000759
005 20050428.0
020 |a 9836203419 
040 |a INS 
090 0 0 |a KPG68.   |b M35 1988 
245 0 0 |a Makalah undang-undang menghormati Ahmad Ibrahim   |c Fakulti Undang-Undang Universiti Malaya 
260 |a Kuala Lumpur :   |b Dewan Bahasa dan Pustaka ,   |c 1988 
300 |a xxix, 263p. ;   |c 22 cm. 
500 |a Includes index 
650 0 0 |a Ahmad Ibrahim   |x biography 
999 |a 0000003175   |b BOOK   |c Open Shelf   |e Default branch 
999 |a 0000003176   |b BOOK   |c Open Shelf   |e Default branch